000 00994cam a2200289 a 4500
999 _c6545
_d6545
001 15934028
003 OSt
005 20200130144940.0
008 091006s2011 nyua 001 0 eng
010 _a 2009040318
020 _a0716727218
040 _aDLC
_cDLC
_dDLC
050 0 0 _aQD251.3
_b.V65 2011
082 0 0 _a547 SCH 1997.
100 1 _aSchore,Neil,E.
_98287
245 1 0 _aStudy Guide and Solutions Manual for Organic Chemistry.
250 _a3th ed.
260 _aNew York :
_bW.H. Freeman,
_c1997
300 _a461p;
_bcol.ill ;
_c29 cm.
504 _aincludes Glossary.
650 0 _aChemistry, Organic
_vTextbooks.
_98582
700 1 _aSchore, Neil Eric,
_98289
856 4 2 _3Publisher description
_uhttp://www.loc.gov/catdir/enhancements/fy1003/2009040318-d.html
906 _a7
_bcbc
_corignew
_d1
_eecip
_f20
_gy-gencatlg
942 _2ddc
_cO_SHELF